Statistics for New York True or False?

Click here to take the quiz!

General Stats

  • This quiz has been taken 27,727 times
    (27,697 since last reset)
  • The average score is 12 of 15

Answer Stats

QuestionAnswer% Correct
New York state has a larger population than BelgiumTrue
94%
The Statue of Liberty was commissioned by George WashingtonFalse
90%
More than 5% of the world's Jews live in the New York City metro areaTrue
88%
Niagara Falls is the world's tallest waterfallFalse
87%
New York City is the capital of New York stateFalse
87%
New York has active volcanoesFalse
84%
New York borders ConnecticutTrue
83%
New York is known as the "Keystone State"False
78%
New York borders OhioFalse
75%
New York borders the Great LakesTrue
75%
Alice, from the book "Alice's Adventures in Wonderland", is from New YorkFalse
72%
New York is the largest producer of apples in the United StatesFalse
71%
The Mohawk tribe are native to New YorkTrue
64%
Harlem is one of New York City's five boroughsFalse
61%
Rudy Giuliani served as the governor of New YorkFalse
59%

Score Distribution

Percentile by Number Answered

Percent of People with Each Score

Your Score History

You have not taken this quiz since the last reset